| 000 | 01386cam a2200229 4500 | ||
|---|---|---|---|
| 001 | L136856 | ||
| 008 | 070227e20070223 f 000 0 eng u | ||
| 035 | _a(Sirsi) u136856 | ||
| 041 | _aeng | ||
| 050 | _a630 $2 18 | ||
| 110 | 2 |
_aRoyal Institution of Chartered Surveyors _bEconomics _95033 |
|
| 245 | 0 | 0 |
_aRICS rural land market survey Great Britain _bH2 2006 _h[electronic resource] |
| 260 |
_aLondon _bRICS _c2007 |
||
| 490 | 0 | 0 |
_aRICS Rural Land Market Survey Great Britain _vSecond Half 2006 |
| 520 | _aFarmland prices rose strongly in the latter half of 2006, increasing by 18.1% on a year earlier compared to a rise of just 5.7% in the first half of the year. Competition between City fuelled lifestyle buyers and farmers, keen to expand production and exploit higher commodity prices, has resulted in demand rising at the fastest pace in the survey's history. Demand is far exceeding supply of available land. The weighted average price of farm land rose to £8 164 per hectare, up from £7 219 in H1 2006. | ||
| 590 | _aKA | ||
| 650 | 2 | 4 | _aRICS RURAL LAND MARKET SURVEY GREAT BRITAIN |
| 651 | 4 |
_aGREAT BRITAIN _y1707- |
|
| 690 | _aPROPERTY-RURAL AND NATURAL ASSETS-RURAL AND NATURAL ASSET MARKET | ||
| 856 | 4 | 0 |
_uhttps://www.rics.org/profession-standards/knowledge-and-information-services/document-delivery-and-o _zemail [email protected] to request a copy |
| 942 | _n0 | ||
| 999 |
_c106525 _d106525 |
||